000 01047cam a2200265 a 4500
005 20140924112251.0
008 120913s2014 nyua 000 0 eng
010 _a2012037346
020 _a9780071314756
040 _aDLC
_cDLC
_dDLC
042 _apcc
050 0 0 _aHF 5657.4
_b.Z72 2014
100 1 _aZimmerman, Jerold L.,
_d1947-
245 1 0 _aAccounting for decision making and control /
_cJerold L. Zimmerman.
250 _a8th ed.
_bInternational student edition.
260 _aNew York :
_bMcGraw-Hill,
_cc2014.
300 _axvi, 680 pages :
_billustrations ;
_c26 cm.
440 0 _aMcGraw-Hill international editions.
521 _aAccountancy
650 0 _aManagerial accounting.
856 4 2 _zContributor biographical information
_uhttp://www.loc.gov/catdir/enhancements/fy1305/2012037346-b.html
856 4 2 _zPublisher description
_uhttp://www.loc.gov/catdir/enhancements/fy1305/2012037346-d.html
856 4 1 _zTable of contents only
_uhttp://www.loc.gov/catdir/enhancements/fy1305/2012037346-t.html
942 _2lcc
_cBK
_kFOR
999 _c275586
_d275586